000 00246nam a22001097a 4500
082 _a920/MAN
100 _aManak,Geeta
_983475
245 _aSARDAR the Game Changer
260 _adelhi
_bKautilya Books
_c2023
650 _aBiography
942 _cBK
999 _c68403
_d68403